[Event "26. Copenhagen Open  (Politiken Cup)"]
[Site "Taastrup"]
[Date "2004.07.25"]
[Round "3"]
[White "Konstatinov, Maxim"]
[Black "Aandal, Kristian"]
[Result "1/2-1/2"]
[WhiteElo "1517"]
[BlackElo "1927"]
[PlyCount "28"]
[EventDate "2004.07.24"]
[EventType "swiss"]
[EventRounds "10"]
[EventCountry "DEN"]
[SourceDate "2004.01.01"]

1. e4 c5 2. Ne2 Nc6 3. c4 e5 4. Nbc3 d6 5. d3 Be6 6. g3 Nf6 7. Bg2 Nd4 8. O-O
Qd7 9. f4 Bh3 10. Nxd4 Bxg2 11. Kxg2 cxd4 12. Ne2 Be7 13. h3 Qc6 14. Ng1 Rc8
1/2-1/2

[Event "26. Copenhagen Open  (Politiken Cup)"]
[Site "Taastrup"]
[Date "2004.07.25"]
[Round "3"]
[White "Kotiranta, Vinni"]
[Black "Jensen, Brian W"]
[Result "1-0"]
[WhiteElo "1150"]
[BlackElo "1623"]
[PlyCount "153"]
[EventDate "2004.07.24"]
[EventType "swiss"]
[EventRounds "10"]
[EventCountry "DEN"]
[SourceDate "2004.01.01"]

1. Nf3 d6 2. d4 Nf6 3. Bf4 g6 4. h3 Bg7 5. c3 O-O 6. Nbd2 Nbd7 7. e4 Nh5 8. Be3
e5 9. g4 Nhf6 10. Qb3 Qe7 11. Bd3 Nb6 12. O-O-O Be6 13. c4 exd4 14. Nxd4 Bd7
15. Rde1 c5 16. Nb5 Bc6 17. Bf4 Ne8 18. h4 Nd7 19. h5 g5 20. Bg3 Ne5 21. h6 Bf6
22. Bxe5 Bxe5 23. Nf3 Bf4+ 24. Kc2 a6 25. Nc3 Qd7 26. Kb1 Nf6 27. Nd5 Bxd5 28.
exd5 Nxg4 29. Qc3 f6 30. Re6 Rae8 31. Bf5 Ne5 32. Nxe5 Bxe5 33. Qd3 Qf7 34. Qe2
Kh8 35. Rh3 Rxe6 36. dxe6 Qe7 37. Rb3 Rb8 38. a4 Qc7 39. Be4 b6 40. Qd3 Qe7 41.
Qd5 Qe8 42. a5 bxa5 43. Rxb8 Qxb8 44. Qb7 Qg8 45. Qxh7+ Qxh7 46. Bxh7 Kxh7 47.
e7 Kxh6 48. e8=Q g4 49. Qh8+ Kg5 50. Qg7+ Kf4 51. Qh6+ Ke4 52. Qe3+ Kf5 53. b3
Kg6 54. Kc2 f5 55. Kd3 f4 56. Qe4+ Kg5 57. f3 g3 58. Qe2 Kh4 59. Qg2 Kg5 60.
Ke4 Kf6 61. Qh3 Ke7 62. Kd5 Kf6 63. Qh4+ Kf5 64. Qg4+ Kf6 65. Kc6 Ke7 66. Kb6
Kd8 67. Kxa6 Kc7 68. Kxa5 Kd8 69. Kb6 Ke7 70. Kc6 Kf8 71. Kd7 Kf7 72. Qh5+ Kf6
73. Qg4 Kf7 74. Qg5 Kf8 75. Qg6 Bd4 76. Ke6 g2 77. Qf7# 1-0

[Event "26. Copenhagen Open  (Politiken Cup)"]
[Site "Taastrup"]
[Date "2004.07.25"]
[Round "3"]
[White "Laato, Antti"]
[Black "Jaeger, Frode Bull"]
[Result "1/2-1/2"]
[WhiteElo "2210"]
[BlackElo "2035"]
[PlyCount "75"]
[EventDate "2004.07.24"]
[EventType "swiss"]
[EventRounds "10"]
[EventCountry "DEN"]
[SourceDate "2004.01.01"]

1. c4 g6 2. Nc3 Bg7 3. g3 e5 4. Bg2 d6 5. d3 f5 6. e3 Nf6 7. Nge2 O-O 8. O-O
Na6 9. Rb1 c6 10. b4 Nc7 11. b5 d5 12. bxc6 bxc6 13. Ba3 Re8 14. cxd5 cxd5 15.
Qb3 Be6 16. d4 e4 17. Rfc1 Rb8 18. Qc2 Rxb1 19. Rxb1 Qd7 20. Qa4 Qxa4 21. Nxa4
Bd7 22. Nec3 Bc6 23. Bd6 Rc8 24. Bf1 Nfe8 25. Bc5 Bf8 26. Be2 Bxc5 27. Nxc5 Kf7
28. Rb3 Nd6 29. Kf1 Na8 30. Bb5 Nb6 31. Bxc6 Rxc6 32. Nb5 Nxb5 33. Rxb5 Ke7 34.
a4 Kd6 35. Ke1 Nc4 36. Rb8 Rb6 37. Rd8+ Kc6 38. Rc8+ 1/2-1/2

[Event "26. Copenhagen Open  (Politiken Cup)"]
[Site "Taastrup"]
[Date "2004.07.25"]
[Round "3"]
[White "Laato, Samuli"]
[Black "Nielsen, Borge Hjerrild"]
[Result "0-1"]
[WhiteElo "1667"]
[BlackElo "2097"]
[PlyCount "112"]
[EventDate "2004.07.24"]
[EventType "swiss"]
[EventRounds "10"]
[EventCountry "DEN"]
[SourceDate "2004.01.01"]

1. Nf3 d5 2. g3 e6 3. Bg2 Nf6 4. O-O Be7 5. d3 O-O 6. Nbd2 c5 7. e4 Nc6 8. c3
Qc7 9. Qe2 dxe4 10. dxe4 b6 11. e5 Nd7 12. Re1 Bb7 13. h4 Rab8 14. Nf1 Rfd8 15.
N1h2 Nf8 16. Bf4 Rd7 17. Rad1 Rbd8 18. Rxd7 Rxd7 19. h5 Qd8 20. Ng4 h6 21. Nd2
Nh7 22. Ne4 Na5 23. Nd6 Bxg2 24. Kxg2 Bg5 25. Qe4 Bxf4 26. gxf4 f5 27. exf6
Nxf6 28. Nxf6+ Qxf6 29. Qxe6+ Qxe6 30. Rxe6 Nc6 31. Re8+ Kh7 32. Nc4 Re7 33.
Rc8 Re6 34. Ne3 Rf6 35. Kg3 a6 36. Kg4 Ne7 37. Re8 Rf7 38. f5 Ng8 39. Nd5 Rd7
40. c4 Rxd5 41. cxd5 Nf6+ 42. Kf4 Nxe8 43. Ke5 Nf6 44. d6 c4 45. Kd4 b5 46. b3
cxb3 47. axb3 a5 48. Kc5 a4 49. bxa4 bxa4 50. Kb4 Kg8 51. Kxa4 Kf7 52. Kb5 Ke8
53. Kc6 Kd8 54. d7 Nxd7 55. Kd6 Ke8 56. Ke6 Nf6 0-1

[Event "26. Copenhagen Open  (Politiken Cup)"]
[Site "Taastrup"]
[Date "2004.07.25"]
[Round "3"]
[White "Laato, Tuomas"]
[Black "Larsen, Knud"]
[Result "0-1"]
[WhiteElo "1394"]
[BlackElo "1965"]
[PlyCount "48"]
[EventDate "2004.07.24"]
[EventType "swiss"]
[EventRounds "10"]
[EventCountry "DEN"]
[SourceDate "2004.01.01"]

1. e4 e5 2. Nf3 d6 3. Nc3 Bg4 4. Be2 Nd7 5. h3 Bxf3 6. Bxf3 g6 7. d3 Bg7 8. Be3
Ngf6 9. Qd2 Qe7 10. O-O Qf8 11. Ne2 h5 12. Qb4 b6 13. d4 Bh6 14. Bxh6 Qxh6 15.
d5 g5 16. Ng3 g4 17. Be2 gxh3 18. gxh3 Rg8 19. Kh2 h4 20. Nf5 Qf4+ 21. Kh1 Nxe4
22. Qe1 Qxf5 23. Bd3 Qf3+ 24. Kh2 Qg2# 0-1

[Event "26. Copenhagen Open  (Politiken Cup)"]
[Site "Taastrup"]
[Date "2004.07.25"]
[Round "3"]
[White "Larsen, Alex"]
[Black "Forsmann, Henning"]
[Result "0-1"]
[WhiteElo "1182"]
[BlackElo "1641"]
[PlyCount "78"]
[EventDate "2004.07.24"]
[EventType "swiss"]
[EventRounds "10"]
[EventCountry "DEN"]
[SourceDate "2004.01.01"]

1. d4 Nf6 2. Nf3 e6 3. c4 Bb4+ 4. Bd2 Qe7 5. a3 Bxd2+ 6. Nbxd2 b6 7. e3 Bb7 8.
Bd3 O-O 9. h4 d6 10. Qc2 Nbd7 11. Ng5 h6 12. Nge4 Nxe4 13. Nxe4 f5 14. Ng3 Nf6
15. f3 c5 16. Ne2 cxd4 17. exd4 Rac8 18. Kd2 d5 19. b3 Qd6 20. g3 dxc4 21. bxc4
Bxf3 22. Rhg1 Bxe2 23. Kxe2 Qxd4 24. Kf3 Qg4+ 25. Kg2 Qd4 26. Qe2 Rfe8 27. Rab1
Ng4 28. Rbe1 g6 29. h5 Kg7 30. hxg6 Kxg6 31. Rh1 Rcd8 32. Bb1 Qd2 33. Qxd2
Rxd2+ 34. Kg1 e5 35. Rh4 Kg5 36. Rh1 e4 37. Rf1 Red8 38. Rc1 Ne3 39. Re1 Rg2#
0-1

[Event "26. Copenhagen Open  (Politiken Cup)"]
[Site "Taastrup"]
[Date "2004.07.25"]
[Round "3"]
[White "Larsen, Andreas"]
[Black "Mortensen, Henrik"]
[Result "0-1"]
[WhiteElo "1537"]
[BlackElo "2018"]
[PlyCount "78"]
[EventDate "2004.07.24"]
[EventType "swiss"]
[EventRounds "10"]
[EventCountry "DEN"]
[SourceDate "2004.01.01"]

1. b4 Na6 2. b5 Nc5 3. d4 Ne6 4. e4 d6 5. f4 c5 6. d5 Nc7 7. Bb2 Nf6 8. Nd2 e6
9. dxe6 Nxe6 10. Qf3 Qe7 11. c4 Nd4 12. Bxd4 cxd4 13. Bd3 g6 14. Ne2 Bg7 15. h3
Nd7 16. O-O Nc5 17. Rae1 O-O 18. Ng3 a6 19. b6 Qd8 20. f5 Be5 21. Bb1 Qg5 22.
fxg6 hxg6 23. Nf5 Bxf5 24. exf5 Qxd2 25. fxg6 fxg6 26. Qg4 Qh6 27. Bxg6 Bg7 28.
Qg3 Rxf1+ 29. Rxf1 Qe3+ 30. Qxe3 dxe3 31. g4 Rf8 32. Re1 Nd7 33. h4 Nxb6 34. g5
Nxc4 35. h5 Bd4 36. Be4 b5 37. g6 e2+ 38. Kh2 Rf2+ 39. Kh3 Kg7 0-1

[Event "26. Copenhagen Open  (Politiken Cup)"]
[Site "Taastrup"]
[Date "2004.07.25"]
[Round "3"]
[White "Larsen, Arne"]
[Black "Eiholt, Bjarne"]
[Result "1-0"]
[WhiteElo "1823"]
[BlackElo "1542"]
[PlyCount "43"]
[EventDate "2004.07.24"]
[EventType "swiss"]
[EventRounds "10"]
[EventCountry "DEN"]
[SourceDate "2004.01.01"]

1. g3 d5 2. Bg2 c5 3. c4 Nf6 4. Nf3 Bf5 5. O-O e6 6. cxd5 exd5 7. d4 c4 8. Nc3
h6 9. Ne5 Be6 10. e4 dxe4 11. Nxe4 Nbd7 12. Qa4 Be7 13. Nxc4 O-O 14. Nxf6+ Nxf6
15. Ne3 Nd5 16. Qb5 Nc7 17. Qd3 Nd5 18. Bd2 Qd7 19. Nxd5 Bxd5 20. Bxd5 Qxd5 21.
Rfd1 Bc5 22. Qb5 1-0

[Event "26. Copenhagen Open  (Politiken Cup)"]
[Site "Taastrup"]
[Date "2004.07.25"]
[Round "3"]
[White "Lauritsen, Martin Lee"]
[Black "Moen, Andreas"]
[Result "0-1"]
[WhiteElo "2040"]
[BlackElo "2267"]
[PlyCount "46"]
[EventDate "2004.07.24"]
[EventType "swiss"]
[EventRounds "10"]
[EventCountry "DEN"]
[SourceDate "2004.01.01"]

1. e4 e5 2. Nf3 Nf6 3. Nxe5 d6 4. Nf3 Nxe4 5. Be2 d5 6. O-O Bd6 7. d4 O-O 8. c3
c6 9. h3 Re8 10. Bd3 Nd7 11. Qc2 Ndf6 12. Bg5 Nxg5 13. Nxg5 h6 14. Nf3 Nh5 15.
Re1 Rxe1+ 16. Nxe1 Nf4 17. Bf5 Qg5 18. Bxc8 Rxc8 19. Kf1 Re8 20. g3 Qh5 21. h4
Qg4 22. f3 Qh3+ 23. Ng2 Qh1+ 0-1

[Event "26. Copenhagen Open  (Politiken Cup)"]
[Site "Taastrup"]
[Date "2004.07.25"]
[Round "3"]
[White "Laursen, Niels Norskov"]
[Black "Manley, Christian"]
[Result "1-0"]
[WhiteElo "2097"]
[BlackElo "1670"]
[PlyCount "59"]
[EventDate "2004.07.24"]
[EventType "swiss"]
[EventRounds "10"]
[EventCountry "DEN"]
[SourceDate "2004.01.01"]

1. e4 e6 2. d4 d5 3. Nd2 c5 4. exd5 Qxd5 5. Ngf3 Nc6 6. Bc4 Qd8 7. dxc5 Bxc5 8.
O-O Nf6 9. Qe2 O-O 10. Ne4 Nd4 11. Nxd4 Nxe4 12. Nb3 Bxf2+ 13. Rxf2 Nxf2 14.
Qxf2 b6 15. Bd2 Bb7 16. Bb4 Rc8 17. Bb5 Qd5 18. Bxf8 Qxb5 19. Ba3 Qd5 20. c3 e5
21. Qd2 Qe6 22. Rd1 Bc6 23. Na1 f5 24. Nc2 Qg6 25. Nb4 Bf3 26. Nd5 Re8 27. Rf1
e4 28. Ne7+ Rxe7 29. Bxe7 Kf7 30. Qg5 1-0

[Event "26. Copenhagen Open  (Politiken Cup)"]
[Site "Taastrup"]
[Date "2004.07.25"]
[Round "3"]
[White "Lindberg, Bengt"]
[Black "Royset, Paal"]
[Result "1/2-1/2"]
[WhiteElo "2422"]
[BlackElo "2232"]
[PlyCount "136"]
[EventDate "2004.07.24"]
[EventType "swiss"]
[EventRounds "10"]
[EventCountry "DEN"]
[SourceDate "2004.01.01"]

1. e4 Nc6 2. d4 e5 3. d5 Nce7 4. Nf3 Ng6 5. h4 h5 6. Nc3 Bb4 7. Qd3 Nf6 8. Bg5
Bxc3+ 9. Qxc3 d6 10. Nd2 Qd7 11. f3 Nh7 12. Be3 Qe7 13. O-O-O O-O 14. g3 f5 15.
exf5 Bxf5 16. Ne4 Bxe4 17. fxe4 Nf6 18. Bh3 Ng4 19. Bxg4 hxg4 20. h5 Nh8 21. h6
Ng6 22. Qd2 Rf3 23. Bg5 Qd7 24. hxg7 Qxg7 25. Qh2 Nf8 26. Bh6 Qg6 27. Rde1 Nh7
28. Qh4 Re8 29. Rh2 Rf7 30. b3 Nf6 31. Qg5 Qxg5+ 32. Bxg5 Nh7 33. Bh4 Kg7 34.
Kd2 Kg6 35. a4 Rh8 36. Rhe2 Rf3 37. Re3 Rhf8 38. Rc3 R8f7 39. Ree3 Ng5 40. Bxg5
Kxg5 41. a5 a6 42. b4 Kh5 43. Rcd3 Kg5 44. c4 Rf1 45. Re2 Ra1 46. Rde3 Rff1 47.
Kc3 Rfc1+ 48. Kb3 Rab1+ 49. Rb2 Rxb2+ 50. Kxb2 Rxc4 51. Kb3 Rc1 52. Kb2 Rf1 53.
Rc3 Rf2+ 54. Kc1 Rf7 55. Kc2 Kg6 56. Kd2 Kg7 57. Ke2 Kf8 58. Rb3 c6 59. dxc6
bxc6 60. Rc3 Rc7 61. Rc1 Kg7 62. Rd1 Rd7 63. Rc1 Rc7 64. Rd1 Rb7 65. Rxd6 Rxb4
66. Rxc6 Rxe4+ 67. Kf2 Ra4 68. Rxa6 Ra2+ 1/2-1/2

[Event "26. Copenhagen Open  (Politiken Cup)"]
[Site "Taastrup"]
[Date "2004.07.25"]
[Round "3"]
[White "Lfstrand, Johannes"]
[Black "Kallenbach, Uffe"]
[Result "1-0"]
[WhiteElo "1856"]
[BlackElo "1445"]
[PlyCount "73"]
[EventDate "2004.07.24"]
[EventType "swiss"]
[EventRounds "10"]
[EventCountry "DEN"]
[SourceDate "2004.01.01"]

1. e4 c5 2. Nf3 d6 3. d4 cxd4 4. Nxd4 Nf6 5. Nc3 a6 6. a4 e5 7. Nb3 Be6 8. Bg5
Be7 9. Bxf6 Bxf6 10. Nd5 Bxd5 11. Qxd5 Nc6 12. Rd1 Be7 13. Bc4 O-O 14. c3 Kh8
15. Nd2 Qa5 16. O-O Qxd5 17. Bxd5 Rac8 18. Nc4 Nd8 19. Rd2 b5 20. Nb6 Rc7 21.
Ra1 Ne6 22. axb5 axb5 23. Na8 Rcc8 24. Ra7 Bg5 25. Rd1 Nc5 26. Nb6 Rcd8 27. b4
Ne6 28. Bc6 f5 29. exf5 Rxf5 30. Bxb5 d5 31. Rxd5 Rdf8 32. Nd7 R8f7 33. Ra8+
Nf8 34. Rxf8+ Rxf8 35. Nxf8 Rxf8 36. Rxe5 Rd8 37. Rxg5 1-0

[Event "26. Copenhagen Open  (Politiken Cup)"]
[Site "Taastrup"]
[Date "2004.07.25"]
[Round "3"]
[White "Malmdin, Nils Ake"]
[Black "Munk, Poul"]
[Result "1-0"]
[WhiteElo "2187"]
[BlackElo "1992"]
[PlyCount "77"]
[EventDate "2004.07.24"]
[EventType "swiss"]
[EventRounds "10"]
[EventCountry "DEN"]
[SourceDate "2004.01.01"]

1. e4 e6 2. d4 d5 3. e5 c5 4. Qg4 cxd4 5. Nf3 f5 6. Qg3 Nc6 7. Bd3 Bd7 8. O-O
Qc7 9. a3 O-O-O 10. b4 h6 11. h4 Nge7 12. c3 Kb8 13. cxd4 Be8 14. Be3 Nc8 15.
Rc1 Qf7 16. Nc3 Qg6 17. Qh2 Be7 18. Nb5 Qh5 19. Nd6 Bd7 20. Rab1 Nxd6 21. exd6
Bf6 22. b5 Na5 23. Bd2 Nc4 24. Bxc4 dxc4 25. Rxc4 Rc8 26. Rc7 Qe8 27. a4 g5 28.
Rbc1 Ka8 29. Ne5 Bxe5 30. Qxe5 Qf7 31. h5 Rhd8 32. Qe2 Rxc7 33. Rxc7 Rc8 34.
Qc4 Qe8 35. Rxc8+ Qxc8 36. Qxc8+ Bxc8 37. Bxg5 Bd7 38. Bxh6 Be8 39. Bf4 1-0

[Event "26. Copenhagen Open  (Politiken Cup)"]
[Site "Taastrup"]
[Date "2004.07.25"]
[Round "3"]
[White "Marcussen, Johnni A"]
[Black "Lynge, Torben"]
[Result "1-0"]
[WhiteElo "1359"]
[BlackElo "1916"]
[PlyCount "117"]
[EventDate "2004.07.24"]
[EventType "swiss"]
[EventRounds "10"]
[EventCountry "DEN"]
[SourceDate "2004.01.01"]

1. e4 c6 2. d4 d5 3. exd5 cxd5 4. Nc3 Nc6 5. Bb5 Nf6 6. Nf3 Bg4 7. h3 Bh5 8.
Qd3 Bg6 9. Qd1 e6 10. Ne5 Qc7 11. Bf4 Bd6 12. Nxg6 hxg6 13. Bxd6 Qxd6 14. a3 a6
15. Bxc6+ bxc6 16. O-O Rc8 17. b4 Qc7 18. Re1 a5 19. Na4 axb4 20. axb4 Ne4 21.
Nc5 Ng5 22. Qg4 Qe7 23. c3 O-O 24. Ra6 Nh7 25. Rea1 Nf6 26. Qe2 Rc7 27. Qa2
Rfc8 28. Ra8 Ne8 29. Rxc8 Rxc8 30. Qa6 Rc7 31. Qa8 Kh7 32. Ra6 Nd6 33. Rxc6 Ra7
34. Qb8 Ra1+ 35. Kh2 Nc4 36. Qf4 Ra2 37. Qg3 Nd2 38. Qe3 Qf6 39. Qe2 Qf4+ 40.
g3 Qf5 41. Kg2 Rc2 42. Nd3 Ra2 43. b5 Qg5 44. b6 Ra8 45. b7 Rb8 46. Rc7 Ne4 47.
Rxf7 Nd6 48. h4 Qd8 49. Rf3 Qe7 50. Nc5 Nxb7 51. Qxe6 Qd8 52. Nxb7 Rxb7 53. Rf7
Rxf7 54. Qxf7 Qd6 55. c4 dxc4 56. Qxc4 Qe7 57. d5 Qd6 58. Qc6 Qe5 59. d6 1-0

[Event "26. Copenhagen Open  (Politiken Cup)"]
[Site "Taastrup"]
[Date "2004.07.25"]
[Round "3"]
[White "Marder, Simon"]
[Black "Onstad, Lars H"]
[Result "1-0"]
[WhiteElo "2054"]
[BlackElo "1778"]
[PlyCount "107"]
[EventDate "2004.07.24"]
[EventType "swiss"]
[EventRounds "10"]
[EventCountry "DEN"]
[SourceDate "2004.01.01"]

1. Nf3 d5 2. c4 c6 3. cxd5 cxd5 4. d4 Nf6 5. Nc3 g6 6. h3 Bg7 7. Bf4 O-O 8. e3
a6 9. Ne5 Nc6 10. Be2 Qb6 11. a3 Qd8 12. Rc1 e6 13. Ng4 Ne4 14. Nxe4 dxe4 15.
Bh6 f5 16. Bxg7 Kxg7 17. Rxc6 fxg4 18. Rc5 Qf6 19. hxg4 Qxf2+ 20. Kd2 Qg3 21.
Qc2 Bd7 22. Qxe4 Bc6 23. Qe5+ Qxe5 24. Rxe5 Bxg2 25. Rh2 Bd5 26. e4 Ba2 27. Ke3
Rac8 28. Bd3 Bb3 29. g5 Rc7 30. Rd2 Rd8 31. Be2 h6 32. Bg4 hxg5 33. Bxe6 Bxe6
34. Rxe6 Rf7 35. Rg2 Rf6 36. Re7+ Rf7 37. Rxf7+ Kxf7 38. Rxg5 Rh8 39. Rc5 Rh3+
40. Kf4 Rh4+ 41. Kf3 Kf6 42. Rc2 g5 43. Rf2 Ke6 44. Ke3 Rh3+ 45. Kd2 g4 46. Rg2
Rh4 47. Ke3 Rh3+ 48. Kf4 Rf3+ 49. Kxg4 Rd3 50. Kf4 Rxd4 51. Rg7 b5 52. Rg6+ Ke7
53. Rxa6 b4 54. Ra4 1-0

[Event "26. Copenhagen Open  (Politiken Cup)"]
[Site "Taastrup"]
[Date "2004.07.25"]
[Round "3"]
[White "Miezis, Normunds"]
[Black "Schou Moldt, Thomas"]
[Result "1-0"]
[WhiteElo "2502"]
[BlackElo "2248"]
[PlyCount "64"]
[EventDate "2004.07.24"]
[EventType "swiss"]
[EventRounds "10"]
[EventCountry "DEN"]
[SourceDate "2004.01.01"]

1. c4 Nf6 2. Nc3 d6 3. g3 g6 4. Bg2 Bg7 5. e4 e5 6. Nge2 c6 7. d4 Nbd7 8. h3
O-O 9. O-O Re8 10. Be3 exd4 11. Bxd4 Ne5 12. b3 Nfd7 13. f4 c5 14. Bf2 Nc6 15.
Qxd6 Qa5 16. Qd2 Nf8 17. Rad1 Ne6 18. e5 Rd8 19. Nd5 Qa3 20. Nec3 Ncd4 21. Ne4
b6 22. Nd6 Kf8 23. g4 Bh6 24. Bxd4 Nxd4 25. Nf6 Rb8 26. Nxh7+ Kg8 27. Nf6+ Kf8
28. Qf2 Bg7 29. Qh4 Be6 30. Qh7 Rxd6 31. Qg8+ Ke7 32. exd6+ Kxf6 1-0

[Event "26. Copenhagen Open  (Politiken Cup)"]
[Site "Taastrup"]
[Date "2004.07.25"]
[Round "3"]
[White "Moberg, Jan Rune"]
[Black "Taksrud, Vidar"]
[Result "0-1"]
[WhiteElo "1525"]
[BlackElo "1954"]
[PlyCount "72"]
[EventDate "2004.07.24"]
[EventType "swiss"]
[EventRounds "10"]
[EventCountry "DEN"]
[SourceDate "2004.01.01"]

1. d4 d5 2. c4 c6 3. Nf3 dxc4 4. a4 e6 5. e3 b5 6. axb5 cxb5 7. Bd2 Bb7 8. b3
a5 9. bxc4 b4 10. Bd3 Nf6 11. O-O Be7 12. Bc2 O-O 13. Qe2 Qc7 14. Rc1 Nbd7 15.
e4 e5 16. Bg5 exd4 17. Nxd4 Qe5 18. Be3 Nxe4 19. f3 Nec5 20. Nd2 Bg5 21. Bxg5
Qxg5 22. Re1 a4 23. Nf5 b3 24. Nd6 bxc2 25. Nxb7 Nxb7 26. Ne4 Qe5 27. Qxc2 f5
28. Ng5 Qd4+ 29. Kf1 Ndc5 30. Rad1 Qf4 31. Nh3 Qxh2 32. Re7 Qg3 33. Qb2 a3 34.
Qb5 a2 35. Ra1 Ra3 36. Qc6 Qd6 0-1

[Event "26. Copenhagen Open  (Politiken Cup)"]
[Site "Taastrup"]
[Date "2004.07.25"]
[Round "3"]
[White "Mortensen, Jan T"]
[Black "Engelbert, Christoph"]
[Result "0-1"]
[WhiteElo "2028"]
[BlackElo "2213"]
[PlyCount "80"]
[EventDate "2004.07.24"]
[EventType "swiss"]
[EventRounds "10"]
[EventCountry "DEN"]
[SourceDate "2004.01.01"]

1. d4 g6 2. c4 Bg7 3. Nc3 d6 4. e4 Nc6 5. d5 Nd4 6. Be3 e5 7. Be2 Ne7 8. Nf3
Nxf3+ 9. Bxf3 O-O 10. g4 c5 11. h4 a6 12. Qd2 f5 13. gxf5 gxf5 14. Bg5 f4 15.
Rg1 Kh8 16. O-O-O Bf6 17. Bh5 Bd7 18. Bh6 Rg8 19. Bf7 Rxg1 20. Rxg1 Be8 21. Be6
Bh5 22. f3 Ng6 23. Qh2 Qe7 24. Qh3 Nxh4 25. Na4 Bf7 26. Qg4 Ng6 27. Bxf7 Qxf7
28. Nb6 Rd8 29. Bg5 Bxg5 30. Qxg5 Qe7 31. Qf5 Rf8 32. Qh3 Rg8 33. Nd7 Rg7 34.
Nb6 Qc7 35. Nc8 Rg8 36. Na7 b5 37. Nc6 bxc4 38. Qh5 Qc8 39. Qg5 Qf8 40. Qg4 Ne7
0-1

[Event "26. Copenhagen Open  (Politiken Cup)"]
[Site "Taastrup"]
[Date "2004.07.25"]
[Round "3"]
[White "Mossin, Ivar Alexander"]
[Black "Nielsen, Jens Holm"]
[Result "1/2-1/2"]
[WhiteElo "1000"]
[BlackElo "2068"]
[PlyCount "89"]
[EventDate "2004.07.24"]
[EventType "swiss"]
[EventRounds "10"]
[EventCountry "DEN"]
[SourceDate "2004.01.01"]

1. e4 Nc6 2. d4 d5 3. Nc3 e6 4. e5 Nge7 5. f4 Nf5 6. Nf3 h5 7. Qd2 Bb4 8. a3
Ba5 9. b4 Bb6 10. Ne2 Bd7 11. Bb2 a5 12. Ng3 Nxg3 13. hxg3 axb4 14. axb4 Rxa1+
15. Bxa1 Qa8 16. Bb2 Nxb4 17. Kf2 c5 18. Be2 Nc6 19. c3 Na5 20. Qc2 Qc8 21. Qb1
Qc6 22. Nd2 g6 23. g4 h4 24. g5 cxd4 25. cxd4 Qa4 26. Qa1 Qxa1 27. Bxa1 O-O 28.
Rb1 Ba7 29. Bc3 b6 30. Ke3 Nc6 31. Nf3 Rc8 32. Ba1 Ne7 33. Nxh4 Nf5+ 34. Nxf5
gxf5 35. Bb2 Bc6 36. Rc1 Bd7 37. Rxc8+ Bxc8 38. Bb5 Kg7 39. Kf3 Bb7 40. Ba3 Bc8
41. g4 fxg4+ 42. Kxg4 Bb8 43. Kh5 Bc7 44. Be7 Bb7 45. Kg4 1/2-1/2

[Event "26. Copenhagen Open  (Politiken Cup)"]
[Site "Taastrup"]
[Date "2004.07.25"]
[Round "3"]
[White "Nilssen, John Arni"]
[Black "Preuss, Flemming"]
[Result "1-0"]
[WhiteElo "2414"]
[BlackElo "2044"]
[PlyCount "53"]
[EventDate "2004.07.24"]
[EventType "swiss"]
[EventRounds "10"]
[EventCountry "DEN"]
[SourceDate "2004.01.01"]

1. d4 Nf6 2. c4 e5 3. dxe5 Ng4 4. Nf3 Nc6 5. Nc3 Ngxe5 6. e3 Bb4 7. Bd2 a5 8.
a3 Be7 9. Qc2 O-O 10. Nd5 Bc5 11. Bc3 Re8 12. O-O-O Bf8 13. h4 Nxf3 14. gxf3 d6
15. Bd3 h6 16. Rdg1 Kh8 17. Bh7 Ne5 18. f4 c6 19. fxe5 cxd5 20. exd6 Qxd6 21.
Rd1 Bg4 22. Rxd5 Qc6 23. Be4 Qxc4 24. Bxg7+ Bxg7 25. Qxc4 Rac8 26. Qxc8 Rxc8+
27. Kb1 1-0

[Event "26. Copenhagen Open  (Politiken Cup)"]
[Site "Taastrup"]
[Date "2004.07.25"]
[Round "3"]
[White "Norton, Craig"]
[Black "Cech, Pavel"]
[Result "0-1"]
[WhiteElo "2108"]
[BlackElo "2404"]
[PlyCount "34"]
[EventDate "2004.07.24"]
[EventType "swiss"]
[EventRounds "10"]
[EventCountry "DEN"]
[SourceDate "2004.01.01"]

1. d4 d5 2. Nf3 Nf6 3. Bf4 g6 4. e3 Bg7 5. Nc3 O-O 6. Be2 Bg4 7. Ne5 Bxe2 8.
Qxe2 c6 9. h4 Nbd7 10. h5 Nxe5 11. dxe5 Nxh5 12. Rxh5 gxh5 13. Qxh5 f6 14.
O-O-O Qe8 15. Qh2 fxe5 16. Bxe5 Qg6 17. Bxg7 Rxf2 0-1

[Event "26. Copenhagen Open  (Politiken Cup)"]
[Site "Taastrup"]
[Date "2004.07.25"]
[Round "3"]
[White "Olsen, Peter Erik"]
[Black "Mortensen, Erling"]
[Result "1/2-1/2"]
[WhiteElo "2243"]
[BlackElo "2455"]
[PlyCount "109"]
[EventDate "2004.07.24"]
[EventType "swiss"]
[EventRounds "10"]
[EventCountry "DEN"]
[SourceDate "2004.01.01"]

1. d4 g6 2. c4 Bg7 3. Nc3 d6 4. e4 Nf6 5. Bg5 O-O 6. Qd2 c5 7. d5 a6 8. Nf3 Bg4
9. Be2 b5 10. cxb5 axb5 11. Bxb5 Qa5 12. O-O Bxf3 13. gxf3 Na6 14. Rab1 Nc7 15.
Bc4 Rfe8 16. Rfc1 Nd7 17. Be2 e6 18. dxe6 Nxe6 19. Be3 Nd4 20. Kg2 Nb6 21. Rd1
f5 22. Bxd4 cxd4 23. Nb5 fxe4 24. Nxd6 Rf8 25. Qxa5 Rxa5 26. Nxe4 Rxa2 27. Rd2
Kh8 28. Nc5 Nd5 29. Ne6 Nc3 30. Rc1 Re8 31. Bc4 Ra4 32. Nxg7 Kxg7 33. Rxd4 Ne2
34. Rd7+ Kh6 35. Bxe2 Rxe2 36. Rcc7 Rxb2 37. Rxh7+ Kg5 38. Rc5+ Kf6 39. Rc1
Raa2 40. Rf1 Kf5 41. Kg3 g5 42. Rh6 Re2 43. Rb1 Reb2 44. Rxb2 Rxb2 45. Ra6 Rb4
46. Ra5+ Kf6 47. Ra3 Kf5 48. Re3 Rb1 49. Re4 Rg1+ 50. Kh3 Ra1 51. Rb4 Rc1 52.
Kg2 Ra1 53. h4 gxh4 54. Rxh4 Rb1 55. Ra4 1/2-1/2

[Event "26. Copenhagen Open  (Politiken Cup)"]
[Site "Taastrup"]
[Date "2004.07.25"]
[Round "3"]
[White "Olsson, Tomas"]
[Black "Tuomainen, Jari"]
[Result "0-1"]
[WhiteElo "2099"]
[BlackElo "1767"]
[PlyCount "70"]
[EventDate "2004.07.24"]
[EventType "swiss"]
[EventRounds "10"]
[EventCountry "DEN"]
[SourceDate "2004.01.01"]

1. e4 c5 2. d4 cxd4 3. Nf3 d6 4. Nxd4 Nf6 5. Nc3 a6 6. Be3 Qc7 7. f3 e6 8. g4
b5 9. g5 Nfd7 10. Qd2 Nc6 11. Bd3 Nde5 12. O-O Be7 13. Nxc6 Qxc6 14. Qe2 O-O
15. f4 Nxd3 16. cxd3 b4 17. Nd1 d5 18. Nf2 dxe4 19. dxe4 Bd7 20. Rac1 Qb7 21.
Qg4 Bb5 22. Rfe1 Rfc8 23. f5 exf5 24. exf5 Rxc1 25. Rxc1 Bd7 26. Qf4 Qd5 27. f6
Bd6 28. Qe4 Qxe4 29. Nxe4 Be5 30. fxg7 Kxg7 31. Nc5 Bb5 32. b3 Rd8 33. h4 Bd4
34. Kf2 Rd5 35. Ne4 Rf5+ 0-1

[Event "26. Copenhagen Open  (Politiken Cup)"]
[Site "Taastrup"]
[Date "2004.07.25"]
[Round "3"]
[White "Pedersen, Audun"]
[Black "Overmark, Ole"]
[Result "1/2-1/2"]
[WhiteElo "2034"]
[BlackElo "1653"]
[PlyCount "111"]
[EventDate "2004.07.24"]
[EventType "swiss"]
[EventRounds "10"]
[EventCountry "DEN"]
[SourceDate "2004.01.01"]

1. d4 Nf6 2. c4 e6 3. Nf3 d5 4. Nc3 Bb4 5. Bg5 O-O 6. e3 h6 7. Bh4 c5 8. cxd5
exd5 9. Rc1 Be6 10. Be2 Nbd7 11. O-O Qa5 12. a3 Bxc3 13. Rxc3 c4 14. Nd2 b5 15.
b4 Qb6 16. f3 a5 17. Qb1 axb4 18. axb4 Ra4 19. Bd1 Ra6 20. Bc2 Rfa8 21. Bg3 Nh5
22. Qe1 Ra3 23. Nb1 Ra2 24. Bf2 Qd6 25. e4 Nb6 26. g4 Nf4 27. Bg3 g5 28. Qe3
Na4 29. Bxa4 R8xa4 30. exd5 Nh3+ 31. Kh1 Qxd5 32. Nd2 Kf8 33. Ne4 Rb2 34. Ra3
Ra2 35. Rxa4 Rxa4 36. Bd6+ Kg7 37. Be5+ Kf8 38. Bd6+ Kg7 39. Be5+ Kf8 40. Nc3
Qb7 41. Nxa4 bxa4 42. Bd6+ Kg8 43. Kg2 Nf4+ 44. Bxf4 gxf4 45. Qc3 Qd7 46. Kf2
Qe7 47. b5 Qh4+ 48. Kg2 h5 49. Qe1 Qd8 50. Qe5 hxg4 51. fxg4 Qa8+ 52. Kf2 Qa5
53. Rd1 Qc3 54. Qg5+ Kf8 55. Qd8+ Kg7 56. Qg5+ 1/2-1/2